000 01267nam a2200277 i 4500
001 102782
003 ES-MaACL
005 20230906183200.0
007 t|
008 051205s1864 fr be ||||1| fre d
080 _a631.587(460.31)
080 _a631.587(460.33)
100 1 _aAymard, Maurice.
_924173
245 1 0 _aIrrigations du midi de l'Espagne
_b: études sur les grands trabaux hydrauliques et le régime administratif des arrosages de cette contrée /
_cpar Maurice Aymard... ; précédé d'un rapport de M. Lebasteur... ; publiée avec l'au torisation de S. Exc. M. le Maréchal, duc de Malakoff.
260 _aParis :
_bEugéne Lacroix...,
_c1864 (
_fTypographie Hennuyer et fils)
300 _a2 v. ;
_c22, 32 x 48 cm.
490 1 _aPublications scientifiques, industrielles & agricoles de E. Lacroix
505 8 _av. 1: texto. -- v. 2: Atlas
650 4 _aCultivos de regadío-
_zComunidad Valenciana.
_911516
650 1 4 _aCultivos de regadío-
_zMurcia (Comunidad Autónoma)
_911515
700 1 _aLebasteur, H.
_970999
700 1 _aMalakoff, Aimable-Jean-Jacques Pélissier, duc de.
_975681
830 0 _aPublications scientifiques, industrielles & agricoles de E. Lacroix
_9232539
852 _aES-MaACL
_jGF-5-6
999 _c102782
_d102782